| 000 | 00688nam a22001937a 4500 | ||
|---|---|---|---|
| 003 | OSt | ||
| 005 | 20170523171505.0 | ||
| 008 | 151015s2015 spc|||| |||| 0|0 0 cat|d | ||
| 017 |
_aDL B 10055-2015 _bBiblioteca de Catalunya |
||
| 020 | _a9788415269304 | ||
| 040 |
_cCDMR _bcat |
||
| 100 | 1 |
_aTomas Cabot, José _d1930- _9933 |
|
| 245 | 1 | 0 |
_aRetorn a casa _b: dotze anys d'articles a Regió7 (1999-2010) _cJosep Tomàs Cabot ; pròleg de Jaume Huch |
| 260 |
_aBerga : _bL'Albí, _c2015 |
||
| 300 |
_a269 p. ; _c23 cm |
||
| 490 | 1 |
_aL'Albí/Idees ; _v32 |
|
| 500 | _aRecull una selecció d'articles de Josep Tomàs Cabot publicats al diari Regió7 des de 1999 fins al 2010 | ||
| 942 |
_2udc _cMON |
||
| 999 |
_c6894 _d6894 |
||